Bài tập trắc nghiệm hóa học 12

Nội dung tài liệu bao gồm hai phần: tóm tắt kiến thức cơ bản và bài tập theo từng chương của sách giáo khoa hóa học 12; đáp án các câu trắc nghiệm và hướng dẫn giải.

Đã lưu trong:
書目詳細資料
主要作者: Nguyễn, Xuân Trường
格式: 圖書
語言:Undetermined
出版: Hà Nội Giáo dục 2008
主題:
標簽: 添加標簽
沒有標簽, 成為第一個標記此記錄!
Thư viện lưu trữ: Trung tâm Học liệu Trường Đại học Cần Thơ
LEADER 00898nam a2200217Ia 4500
001 CTU_191486
008 210402s9999 xx 000 0 und d
020 |c 31000 
082 |a 540.76 
082 |b Tr561 
100 |a Nguyễn, Xuân Trường 
245 0 |a Bài tập trắc nghiệm hóa học 12 
245 0 |c Nguyễn Xuân Trường 
260 |a Hà Nội 
260 |b Giáo dục 
260 |c 2008 
520 |a Nội dung tài liệu bao gồm hai phần: tóm tắt kiến thức cơ bản và bài tập theo từng chương của sách giáo khoa hóa học 12; đáp án các câu trắc nghiệm và hướng dẫn giải. 
650 |a Chemistry,Hóa học 
650 |x Problems, exercises, etc.,Câu hỏi, bài tập 
904 |i Bằng 
980 |a Trung tâm Học liệu Trường Đại học Cần Thơ